| 000 | 00508nam a2200169Ia 4500 | ||
|---|---|---|---|
| 999 |
_c2838 _d2838 |
||
| 003 | OSt | ||
| 005 | 20201119102628.0 | ||
| 008 | 190216s9999||||xx |||||||||||||| ||und|| | ||
| 040 | _coclc | ||
| 082 |
_a547.135 _bARO/O |
||
| 100 |
_aArora, M G _94244 |
||
| 245 | 0 |
_aOrganic Photochemistry And Pericyclic Reactions / _cM G Arora |
|
| 260 |
_bAnmol Publications, _c1998. _aNew Delhi: |
||
| 300 | _a176p | ||
| 650 | _aChemistry-Chemistry | ||
| 942 |
_cBK _2ddc _h547.135 _iARO/O _k547.135 _mARO/O |
||